Estadísticas para Jugadores con más partidos en el Levante Unión Deportiva

Haz click aquí para intentar la prueba.

Estadísticas generales

  • Esta prueba ha sido intentada 5 veces
  • La puntuación promedio es 5 de 10

Estadísticas de respuestas

PartidosNacionaliadJugador% Correcto
311EspañaJosé Luis Morales
100%
191EspañaSergio Ballesteros
80%
200EspañaJuanfran Juanfran
60%
208EspañaJosé Campaña
40%
234EspañaRoger Martí
40%
207EspañaSergio Postigo
40%
228EspañaVicente Iborra
40%
180EspañaPedro López
20%
182EspañaRóber Pier
20%
165PortugalRúben Vezo
20%

Distribución de puntuación

Porcentaje por número respondido

Porcentaje de gente con cada puntuación

Historial de tus puntuaciones

No has intentado esta prueba.